000 00861nam a2200205Ia 4500
003 GCL
008 140319s9999 xx 000 0 ara d
040 _aGCL /
_cGCL
082 0 4 _aق
_b962.054
_bى ق
100 1 _aيونان لبيب رزق
245 1 0 _aقضية وحدة وادى النيل بين المعاهدة وتغيير الواقع الاستعمارى 1936 - 1946 /
_cيونان لبيب رزق
250 _aالاولى
260 _aالقاهرة :
_bمعهد البحوث والدراسات العربية ،
_c1975
300 _a215 ص ؛
_c24سم
650 0 4 _aالاستعمار فى البلاد العربية
650 0 4 _aالحكم المصرى البريطانى
650 0 4 _aالسودان - تاريخ - العصر الحديث
650 0 4 _aمصر - تاريخ - العصر الحديث (1805 - 1956 )
942 _2ddc
_cBK
999 _c45192
_d45192